=LDR 00000nam 2200000 4500 =001 INLIS000000000051174 =005 20230508011511 =035 ##$$a 0010-0817000357 =007 ta =008 230508################g##########0#ind## =020 ##$$a 978-602-1348-20-8 =082 ##$$a 351.132 076 =084 ##$$a 351.132 076 SAR s =100 #$$a Sarwadi =245 1#$$a Superbank Kisi-Kisi BUMN CPNS /$c Sarwadi =260 ##$$a Yogyakarta :$b Cemerlang Publishing,$c 2015 =300 ##$$a v, 224 hlm : $b ilus. ; $c 26 cm =650 #4$$a Pegawai, Pemilihan-Tes dan Evaluasi =250 ##$$a Cet. 1 =500 ##$$a Biografi hlm. 224 =504 ##$$a Bibliografi hlm. 222-223 =990 ##$$a 21704265 =990 ##$$a 21704264 =990 ##$$a 21704263 =990 ##$$a 21704262 =990 ##$$a 21704261 =990 ##$$a 21704261 =990 ##$$a 21704265 =990 ##$$a 21704264 =990 ##$$a 21704263 =990 ##$$a 21704262